header

Persuasion, social influence, and compliance gaining / (Record no. 265724)

MARC details
000 -LEADER
fixed length control field 01285cam a2200385 i 4500
001 - CONTROL NUMBER
control field 17524865
003 - CONTROL NUMBER IDENTIFIER
control field OSt
005 - DATE AND TIME OF LATEST TRANSACTION
control field 20260121105955.0
008 - FIXED-LENGTH DATA ELEMENTS--GENERAL INFORMATION
fixed length control field 121109s2013 mau b 001 0 eng
010 ## - LIBRARY OF CONGRESS CONTROL NUMBER
LC control number 2012044823
020 ## - INTERNATIONAL STANDARD BOOK NUMBER
International Standard Book Number 9780205912964
International Standard Book Number 0205912966
035 ## - SYSTEM CONTROL NUMBER
System control number 17524865
040 ## - CATALOGING SOURCE
Original cataloging agency DLC
Language of cataloging eng
Transcribing agency DLC
Description conventions rda
Modifying agency DLC
042 ## - AUTHENTICATION CODE
Authentication code pcc
050 00 - LIBRARY OF CONGRESS CALL NUMBER
Classification number BF637.P4
Item number G34 2013
082 00 - DEWEY DECIMAL CLASSIFICATION NUMBER
Classification number 303.3/42
Edition number 23
100 1# - MAIN ENTRY--PERSONAL NAME
Personal name Gass, Robert H.
245 10 - TITLE STATEMENT
Title Persuasion, social influence, and compliance gaining /
Statement of responsibility, etc Robert H. Gass, California State University, Fullerton, John S. Seiter, Utah State University.
250 ## - EDITION STATEMENT
Edition statement Fifth edition.
264 #1 - PRODUCTION, PUBLICATION, DISTRIBUTION, MANUFACTURE, AND COPYRIGHT NOTICE
Place of production, publication, distribution, manufacture Boston :
Name of producer, publisher, distributor, manufacturer Pearson,
Date of production, publication, distribution, manufacture, or copyright notice [2014]
300 ## - PHYSICAL DESCRIPTION
Extent x, 390 pages ;
Dimensions 24 cm
336 ## - CONTENT TYPE
Content type term text
Source rdacontent
337 ## - MEDIA TYPE
Media type term unmediated
Source rdamedia
338 ## - CARRIER TYPE
Carrier type term volume
Source rdacarrier
500 ## - GENERAL NOTE
General note Includes index.
504 ## - BIBLIOGRAPHY, ETC. NOTE
Bibliography, etc Includes bibliographical references and indexes.
650 #0 - SUBJECT ADDED ENTRY--TOPICAL TERM
Topical term or geographic name as entry element Persuasion (Psychology)
Topical term or geographic name as entry element Influence (Psychology)
Topical term or geographic name as entry element Manipulative behavior.
700 1# - ADDED ENTRY--PERSONAL NAME
Personal name Seiter, John S.
906 ## - LOCAL DATA ELEMENT F, LDF (RLIN)
a 7
b cbc
c orignew
d 1
e ecip
f 20
g y-gencatlg
942 ## - ADDED ENTRY ELEMENTS (KOHA)
Source of classification or shelving scheme Library of Congress Classification
Koha item type Long Loan Books
Holdings
Withdrawn status Lost status Source of classification or shelving scheme Damaged status Not for loan Collection code Home library Current library Shelving location Date acquired Source of acquisition Total Checkouts Full call number Barcode Date last seen Price effective from Koha item type
    Library of Congress Classification     Non-fiction Rongo University Library Rongo University Library General Stacks 21/01/2026 Books for Africa, Donation   BF637.P4 G34 2013 20260997 21/01/2026 21/01/2026 Long Loan Books

© 2026 Rongo University
Contact us: librarian | system librarian | Rongo university